[Event "TCh-TUR Super League 2015"]
[Site "Kocaeli TUR"]
[Date "2015.08.08"]
[Round "5.7"]
[Board "1"]
[White "Esen, Baris"]
[Black "Annaberdiev, Meilis"]
[Result "1/2-1/2"]
[WhiteTitle "GM"]
[BlackTitle "IM"]
[WhiteElo "2567"]
[BlackElo "2417"]
[WhiteTeam "Deniz Su Aquamatch Satranc Genclik Ve Sports Club"]
[BlackTeam "Akdeniz Belediyesi Sports Club"]
[WhiteFideId "6302114"]
[BlackFideId "14000563"]
[EventDate "2015.08.04"]

1. Nf3 Nf6 2. c4 g6 3. d4 Bg7 4. g3 O-O 5. Bg2 d6 6. O-O Nc6 7. d5 Na5 8. Nfd2
c6 9. Nc3 cxd5 10. cxd5 Bd7 11. Nb3 Nc4 12. Nd2 Na5 13. Nb3 Nc4 14. Nd2 Rc8 15.
Nxc4 Rxc4 16. Qb3 Qc7 17. Bd2 Rc8 18. h3 a6 19. Rfc1 Qb8 20. e3 b5 21. Bf1 R4c5
22. Bg2 e6 23. e4 exd5 24. exd5 Bf5 25. Be3 R5c7 26. Qd1 b4 27. Ne2 Bc2 28. Qe1
Be4 29. Rxc7 Rxc7 30. Bxe4 Nxe4 31. Nd4 Ng5 32. Bxg5 Bxd4 33. Rc1 Rxc1 34. Qxc1
Qe8 35. Bh6 Bg7 1/2-1/2

[Event "TCh-TUR Super League 2015"]
[Site "Kocaeli TUR"]
[Date "2015.08.08"]
[Round "5.7"]
[Board "2"]
[White "Annaberdiyev, Babageldi"]
[Black "Firat, Burak"]
[Result "1-0"]
[WhiteTitle "FM"]
[BlackTitle "IM"]
[WhiteElo "2234"]
[BlackElo "2470"]
[WhiteTeam "Akdeniz Belediyesi Sports Club"]
[BlackTeam "Deniz Su Aquamatch Satranc Genclik Ve Sports Club"]
[WhiteFideId "14000385"]
[BlackFideId "6305881"]
[EventDate "2015.08.04"]

1. Nf3 Nf6 2. g3 b5 3. Bg2 Bb7 4. O-O e6 5. d3 c5 6. e4 d6 7. Re1 Nbd7 8. Nbd2
Be7 9. Qe2 O-O 10. b3 a6 11. Bb2 e5 12. c4 Re8 13. h3 Bf8 14. Nh2 g6 15. Ndf1
Bg7 16. Ne3 Nf8 17. Rf1 Ne6 18. Nd5 Nxd5 19. cxd5 Nd4 20. Qd2 a5 21. Nf3 a4 22.
b4 a3 23. Bxd4 exd4 24. Rac1 Qb6 25. bxc5 dxc5 26. Qc2 c4 27. Nd2 Bh6 28. dxc4
bxc4 29. Rb1 Qa6 30. Nxc4 Rec8 31. Qb3 Qxc4 32. Qxb7 Qxa2 33. e5 Rd8 34. d6 Qe6
35. Bd5 Qe8 36. Rbe1 Bd2 37. e6 Kh8 38. exf7 Qf8 39. Re7 Rab8 40. Qa7 Bc3 41.
Rfe1 h6 42. R1e6 Rbc8 43. Rxg6 1-0

[Event "TCh-TUR Super League 2015"]
[Site "Kocaeli TUR"]
[Date "2015.08.08"]
[Round "5.7"]
[Board "3"]
[White "Citak, Selim"]
[Black "Dogan, Nazmi Can"]
[Result "0-1"]
[WhiteTitle "FM"]
[WhiteElo "2327"]
[BlackElo "2213"]
[WhiteTeam "Deniz Su Aquamatch Satranc Genclik Ve Sports Club"]
[BlackTeam "Akdeniz Belediyesi Sports Club"]
[WhiteFideId "6301819"]
[BlackFideId "6309658"]
[EventDate "2015.08.04"]

1. d4 Nf6 2. c4 g6 3. Nc3 Bg7 4. e4 d6 5. Nf3 O-O 6. Be2 e5 7. O-O Nc6 8. d5 Ne7
9. Nd2 a5 10. a3 Nd7 11. Rb1 f5 12. b4 axb4 13. axb4 Bh6 14. Bb2 Nf6 15. Bf3
fxe4 16. Ndxe4 Ne8 17. c5 Nf5 18. g3 Nd4 19. Bg2 Bf5 20. Ra1 Rxa1 21. Bxa1 Qc8
22. f4 Bg7 23. fxe5 Bxe5 24. Kh1 Bg4 25. Rxf8+ Kxf8 26. Qf1+ Qf5 27. cxd6 cxd6
28. Qxf5+ gxf5 29. Ng5 Nc2 30. Bb2 Nxb4 31. Nxh7+ Kg7 32. Ng5 Nd3 33. Ba1 b5 34.
Bf1 b4 35. Bxd3 bxc3 36. Bc2 Kf6 37. Ne6 Bf3+ 38. Kg1 Bxd5 39. Nf4 Bc4 40. Bd3
Bxd3 41. Nxd3 Bd4+ 42. Kf1 Nc7 43. Nb4 Ke5 44. Ke2 Ke4 45. h4 Nb5 46. h5 Bf6 47.
h6 Nd4+ 48. Kd1 Nb3 49. Bxc3 Bxc3 50. Kc2 Bxb4 51. h7 Na1+ 0-1

[Event "TCh-TUR Super League 2015"]
[Site "Kocaeli TUR"]
[Date "2015.08.08"]
[Round "5.7"]
[Board "4"]
[White "Kilic, Ihsan"]
[Black "Secer, Ata"]
[Result "1/2-1/2"]
[BlackTitle "FM"]
[WhiteElo "2025"]
[BlackElo "2304"]
[WhiteTeam "Akdeniz Belediyesi Sports Club"]
[BlackTeam "Deniz Su Aquamatch Satranc Genclik Ve Sports Club"]
[WhiteFideId "6305334"]
[BlackFideId "6303293"]
[EventDate "2015.08.04"]

1. e4 e5 2. Nf3 Nc6 3. Bc4 Bc5 4. c3 Nf6 5. d3 a6 6. O-O Ba7 7. Be3 d6 8. Bb3
O-O 9. Nbd2 Ne7 10. Re1 Ng6 11. Nf1 Re8 12. Ng3 Bxe3 13. fxe3 d5 14. exd5 Nxd5
15. Qe2 Be6 16. Rad1 Nf6 17. c4 c5 18. h3 Qc7 19. Qf2 h6 20. Bc2 Rad8 21. b3 b5
22. Rf1 e4 23. dxe4 bxc4 24. Nf5 cxb3 25. axb3 Bd7 26. Nd2 Bb5 27. Nxg7 Ng4 28.
hxg4 Kxg7 29. Qf6+ Kg8 30. Nc4 Qe7 31. Qf5 Bxc4 32. bxc4 Ne5 33. Rd5 Qg5 34.
Qxg5+ hxg5 35. Rxc5 Rc8 36. Rxc8 Rxc8 37. Rf5 Nxc4 38. Rxg5+ Kf8 39. Bd3 a5 40.
Kf2 a4 41. Bxc4 Rxc4 42. Kf3 a3 43. Ra5 Rc3 44. Ra7 Kg7 45. Kf4 Kf6 46. g5+ Ke6
47. g4 Rb3 48. e5 Rb4+ 49. e4 Rb3 50. Ra6+ Ke7 51. g6 fxg6 52. Rxg6 a2 53. Ra6
Rb2 54. e6 Kf6 55. g5+ Ke7 56. Kf5 Rb5+ 57. e5 Rb2 58. Ra7+ Ke8 59. e7 Rf2+ 60.
Ke6 a1=Q 61. Rxa1 Ra2 62. Rxa2 1/2-1/2

[Event "TCh-TUR Super League 2015"]
[Site "Kocaeli TUR"]
[Date "2015.08.08"]
[Round "5.7"]
[Board "6"]
[White "Ozer, Omer Faruk"]
[Black "Sanal, Vahap"]
[Result "0-1"]
[BlackTitle "IM"]
[WhiteElo "2067"]
[BlackElo "2510"]
[WhiteTeam "Akdeniz Belediyesi Sports Club"]
[BlackTeam "Deniz Su Aquamatch Satranc Genclik Ve Sports Club"]
[WhiteFideId "6354564"]
[BlackFideId "6300545"]
[EventDate "2015.08.04"]

1. e4 g6 2. d4 Bg7 3. Nc3 d6 4. Be3 a6 5. f4 b5 6. Nf3 Bb7 7. Bd3 b4 8. Ne2 Nf6
9. e5 Nd5 10. Bd2 c5 11. c4 bxc3 12. bxc3 cxd4 13. cxd4 O-O 14. O-O e6 15. Qe1
Nc6 16. Rb1 Rb8 17. Kh1 a5 18. a3 Qe7 19. Ng5 Ba8 20. Qg3 Rxb1 21. Bxb1 Rb8 22.
Qh3 h6 23. Ne4 Rb2 24. Qd3 dxe5 25. fxe5 Qh4 26. Bc1 Rb8 27. N2g3 Nxd4 28. Qxd4
Rxb1 29. Qa7 Bb7 30. Nd6 Qe7 31. Qxa5 Bxe5 32. Nxf7 Bxg3 33. Nxh6+ Kh7 34. hxg3
Ne3 35. Bxe3 Rxf1+ 36. Kh2 Bd5 37. Ng4 g5 38. Qc3 Qf7 39. Qc2+ Rf5 40. Kg1 Qg7
41. Bc5 Qa1+ 42. Kh2 Qa2 43. Qxa2 Bxa2 44. Bd6 Bb3 45. Kg1 Kg6 46. Ne5+ Kg7 47.
Nf3 Bd1 48. Be5+ Kg6 49. g4 Rf7 50. Kf2 Rb7 51. Bd6 Rb2+ 52. Kg3 Rb5 53. Ne5+
Kf6 54. Nd7+ Kg7 55. Nc5 Kf7 56. a4 Ra5 57. Ne4 Bxa4 58. Bb4 Re5 59. Nf2 Re3+
60. Kh2 Bc6 61. Bc5 Re2 62. Kg3 e5 63. Bb6 Kg6 64. Kh2 Rb2 65. Bc5 Rc2 66. Bb6
Kf7 67. Kg3 Ke8 68. Kh2 Kd7 69. Kg1 Re2 70. Kh2 Bd5 71. Kg3 Rc2 72. Kh2 Kc6 73.
Ba7 Re2 74. Kg3 Ra2 75. Bb8 Ra3+ 76. Kh2 e4 77. Bg3 e3 78. Nh3 e2 79. Bf2 Ra1
80. Nxg5 e1=Q 0-1

[Event "TCh-TUR Super League 2015"]
[Site "Kocaeli TUR"]
[Date "2015.08.08"]
[Round "5.7"]
[Board "8"]
[White "Temel, Burcu Melis"]
[Black "Menzi, Nezihe Ezgi"]
[Result "0-1"]
[WhiteTitle "WCM"]
[BlackTitle "WFM"]
[WhiteElo "1878"]
[BlackElo "1913"]
[WhiteTeam "Akdeniz Belediyesi Sports Club"]
[BlackTeam "Deniz Su Aquamatch Satranc Genclik Ve Sports Club"]
[WhiteFideId "6345492"]
[BlackFideId "6310060"]
[EventDate "2015.08.04"]

1. e4 e5 2. Nc3 Nf6 3. g3 Bb4 4. Bg2 Nc6 5. Nge2 d6 6. h3 Be6 7. O-O Qd7 8. Kh2
h5 9. f4 h4 10. f5 hxg3+ 11. Nxg3 Bc4 12. d3 Bxc3 13. bxc3 Ba6 14. Be3 O-O-O 15.
Qf3 Nh7 16. Rfe1 g5 17. Kg1 Rdg8 18. Nh5 Qe7 19. f6 Qd7 20. Ng7 Ne7 21. Rf1 Ng6
22. Nf5 Nxf6 23. Nxd6+ cxd6 24. Qxf6 Nf4 25. Rf3 g4 26. hxg4 Qxg4 27. Qf5+ Qxf5
28. exf5 Rxg2+ 0-1

[Event "TCh-TUR Super League 2015"]
[Site "Kocaeli TUR"]
[Date "2015.08.08"]
[Round "6.1"]
[Board "2"]
[White "Annaberdiyev, Babageldi"]
[Black "Fedorchuk, Sergey A."]
[Result "0-1"]
[WhiteTitle "FM"]
[BlackTitle "GM"]
[WhiteElo "2234"]
[BlackElo "2653"]
[WhiteTeam "Akdeniz Belediyesi Sports Club"]
[BlackTeam "Kayseri Seker Sports Club"]
[WhiteFideId "14000385"]
[BlackFideId "14102536"]
[EventDate "2015.08.04"]

1. Nf3 Nf6 2. g3 b5 3. Bg2 Bb7 4. O-O e6 5. d3 d6 6. e4 Nbd7 7. Nbd2 Be7 8. Re1
O-O 9. Qe2 c5 10. b3 Ne8 11. Bb2 Nc7 12. d4 a6 13. c4 cxd4 14. Bxd4 e5 15. Bc3
Nc5 16. Rad1 N7e6 17. b4 Na4 18. Ba1 Qb6 19. cxb5 axb5 20. Nb3 Rac8 21. Rc1 Bc6
22. Rc2 Bd7 23. Rec1 Rxc2 24. Rxc2 Qa7 25. Qd3 Nb6 26. Na5 Qa8 27. a3 Rd8 28.
Qe3 Rb8 29. Bf1 h6 30. h4 Na4 31. Qd3 Nb6 32. Bb2 Be8 33. Bc1 Nc8 34. Bh3 Bd8
35. Nb3 Bb6 36. Bg2 Bc6 37. Nfd2 Qb7 38. Bb2 Qd7 39. Nf1 Ne7 40. Ne3 Rd8 41. Rd2
Nc7 42. Kh2 Ne8 43. Na5 Nf6 44. Nxc6 Qxc6 45. Bf3 Qe8 46. Kg2 d5 47. exd5 Bxe3
48. Qxe3 Nexd5 49. Bxd5 Nxd5 50. Qe2 f6 51. Kh2 Rd6 52. Bd4 Qd7 53. Be3 e4 54.
Rc2 Nxe3 55. Qxe3 f5 56. Qf4 Rd3 57. Rc7 Qe6 58. Rc2 Kh7 59. Re2 Rxa3 60. g4
fxg4 61. Rxe4 g3+ 62. Kg2 Qg6 63. fxg3 Rxg3+ 64. Qxg3 Qxe4+ 65. Kh3 Qxb4 66.
Qd3+ Kg8 67. Qd5+ Kf8 68. Qd8+ Kf7 69. Qd7+ Kf6 70. Qc6+ Ke5 71. Qc7+ Ke4 72.
Qxg7 Qb3+ 73. Kh2 Qc2+ 74. Kh3 Qd3+ 75. Kg2 Qf3+ 76. Kg1 Qe3+ 77. Kg2 Qd2+ 78.
Kg3 Qf4+ 79. Kg2 b4 80. Qg8 Qf3+ 81. Kh2 Qf2+ 82. Kh3 Qe3+ 83. Kg2 Qd2+ 84. Kg1
Kf3 85. Qf7+ Kg3 86. Qg6+ Kxh4 87. Qe4+ Kg3 88. Qe5+ Qf4 89. Qe1+ Kh3 90. Qe8 b3
91. Qh5+ Qh4 92. Qa5 Qg5+ 93. Kf1 Qxa5 0-1

[Event "TCh-TUR Super League 2015"]
[Site "Kocaeli TUR"]
[Date "2015.08.08"]
[Round "6.1"]
[Board "3"]
[White "Kanmazalp, Ogulcan"]
[Black "Dogan, Nazmi Can"]
[Result "1-0"]
[WhiteTitle "IM"]
[WhiteElo "2468"]
[BlackElo "2213"]
[WhiteTeam "Kayseri Seker Sports Club"]
[BlackTeam "Akdeniz Belediyesi Sports Club"]
[WhiteFideId "6304990"]
[BlackFideId "6309658"]
[EventDate "2015.08.04"]

1. e4 c5 2. Nf3 d6 3. d4 cxd4 4. Nxd4 Nf6 5. Nc3 a6 6. Be3 Ng4 7. Bc1 Nf6 8. Be3
Ng4 9. Bg5 h6 10. Bh4 g5 11. Bg3 Bg7 12. Be2 h5 13. h4 gxh4 14. Bxh4 Nc6 15. Nb3
Be6 16. Qd2 Rc8 17. f3 Bh6 18. Bg5 Bxg5 19. Qxg5 Nf6 20. Qd2 Qb6 21. g4 h4 22.
O-O-O Na5 23. Kb1 Nc4 24. Bxc4 Bxc4 25. Qe1 Be6 26. g5 Nd7 27. Rxh4 Rxh4 28.
Qxh4 Qe3 29. f4 Rxc3 30. Qh8+ Nf8 31. Qxc3 Qxe4 32. Qc7 Qc6 33. Qb8+ Qc8 34.
Qxc8+ Bxc8 35. Nd4 e6 36. Re1 Kd8 37. Rf1 Nh7 38. Kc1 e5 39. fxe5 dxe5 40. Nf3
Bh3 41. Rh1 Bf5 42. g6 Bxg6 43. Nxe5 Nf8 44. Nxg6 Nxg6 45. Kd2 Kd7 46. Ke3 Ke6
47. a4 b6 48. Rh6 Kd5 49. Rh5+ Ke6 50. Ke4 f6 51. a5 b5 52. Rh7 Ne7 53. Rh8 f5+
54. Kd3 Nc6 55. Ra8 Kd5 56. c3 Nxa5 57. Rxa6 Nc4 58. b3 Nd6 59. Ra8 Kc5 60. Rd8
Kd5 61. c4+ bxc4+ 62. bxc4+ Kc5 63. Ra8 Kb6 64. Kd4 Kc6 65. Ra6+ Kc7 66. Kd5 Ne4
67. Ra7+ Kb6 68. Rf7 Nc3+ 69. Kd4 Ne2+ 70. Kd3 Ng3 71. Rg7 Ne4 72. Kd4 Kc6 73.
Rf7 Nd6 74. Rf6 Kd7 75. c5 Nb5+ 76. Kc4 Na3+ 77. Kd5 Nc2 78. c6+ Kc7 79. Rf7+
Kb6 80. Rb7+ Ka6 81. Rb3 1-0

[Event "TCh-TUR Super League 2015"]
[Site "Kocaeli TUR"]
[Date "2015.08.08"]
[Round "6.1"]
[Board "4"]
[White "Kilic, Ihsan"]
[Black "Marasli, Tutku Kahraman"]
[Result "1-0"]
[WhiteElo "2025"]
[BlackElo "2153"]
[WhiteTeam "Akdeniz Belediyesi Sports Club"]
[BlackTeam "Kayseri Seker Sports Club"]
[WhiteFideId "6305334"]
[BlackFideId "6307493"]
[EventDate "2015.08.04"]

1. d4 d5 2. Nf3 Nf6 3. Bf4 e6 4. e3 c5 5. Nbd2 Qb6 6. Rb1 Nc6 7. c3 Bd7 8. Bd3
Rc8 9. O-O Be7 10. Ne5 h6 11. Qf3 cxd4 12. exd4 Nxe5 13. dxe5 Nh7 14. Qg3 Bf8
15. Be3 Qa5 16. a3 Bb5 17. Nb3 Qa6 18. Bxb5+ Qxb5 19. Nd4 Qd7 20. f4 g6 21. Rf2
Bc5 22. Qh4 Nf8 23. g4 Qe7 24. Qg3 Bxd4 25. Bxd4 a6 26. Rbf1 h5 27. h3 hxg4 28.
hxg4 Kd7 29. Rh2 Rxh2 30. Qxh2 Kc7 31. Qf2 Nd7 32. Kg2 Rh8 33. Rh1 Rxh1 34. Kxh1
Qe8 35. Qh4 a5 36. Kg2 b6 37. Qf2 Kb7 38. b4 axb4 39. axb4 Qh8 40. Qe2 Qc8 41.
Qf3 Nb8 42. Qf2 Qc7 43. Kg3 Nc6 44. Be3 Na7 45. Bd2 Nb5 46. Qf3 Na3 47. Be1 Nc4
48. Qe2 Qd8 49. Bf2 Qa8 50. Bd4 Kc6 51. Qf2 Kb5 52. Qf1 Qa2 53. Kh4 Qh2+ 54. Kg5
Qh8 55. f5 gxf5 56. gxf5 Qg7+ 57. Kh5 Kc6 58. Qf4 Qh7+ 59. Kg4 Kd7 60. fxe6+
fxe6 61. b5 Qg6+ 62. Kh4 Na3 63. Bxb6 Nxb5 64. Ba5 Na7 65. Bb4 Nc6 66. Bd6 Qh7+
67. Kg4 Qg6+ 68. Kh4 Qh7+ 69. Kg5 Qg7+ 70. Kh5 Ke8 71. Qa4 Qd7 72. Kh6 Nd8 73.
Qa8 Kf7 74. c4 Ke8 75. c5 Qf7 76. Qa4+ Qd7 77. Qf4 Qf7 78. Qg5 Kd7 79. Qh4 Nc6
80. Qf6 Qg8 81. Kh5 d4 82. Qf3 Qh7+ 83. Kg5 d3 84. Kf4 d2 85. Ke3 Qh6+ 86. Kd3
Nb4+ 87. Kc4 Qh4+ 88. Kc3 Qe1 89. Qb7+ 1-0

[Event "TCh-TUR Super League 2015"]
[Site "Kocaeli TUR"]
[Date "2015.08.08"]
[Round "6.1"]
[Board "5"]
[White "Atalik, Ekaterina"]
[Black "Yordanova, Svetla"]
[Result "1-0"]
[WhiteTitle "IM"]
[BlackTitle "WIM"]
[WhiteElo "2382"]
[BlackElo "2131"]
[WhiteTeam "Kayseri Seker Sports Club"]
[BlackTeam "Akdeniz Belediyesi Sports Club"]
[WhiteFideId "4130189"]
[BlackFideId "2905108"]
[EventDate "2015.08.04"]

1. d4 Nf6 2. c4 c5 3. d5 e6 4. Nc3 exd5 5. cxd5 d6 6. Nf3 g6 7. Nd2 Bg7 8. e4
O-O 9. Be2 Re8 10. O-O a6 11. a4 Nbd7 12. Ra3 Rb8 13. a5 Ne5 14. h3 g5 15. f4
gxf4 16. Rxf4 Ng6 17. Rf1 Nd7 18. Nc4 Nde5 19. Nb6 Qh4 20. Qe1 Qxe1 21. Rxe1 f5
22. Nxc8 Rbxc8 23. exf5 Nd3 24. Rf1 Nxc1 25. Rxc1 Bxc3 26. bxc3 Rxe2 27. fxg6 c4
28. gxh7+ Kxh7 29. Rf1 Rc5 30. Ra4 Rd2 31. Rf4 Rdxd5 32. Raxc4 Rxc4 33. Rxc4 Kg6
34. Rd4 Rxa5 35. Rxd6+ Kg5 36. Rb6 Rc5 37. Rxb7 Rxc3 38. Kh2 Ra3 39. Rg7+ Kh6
40. Rc7 a5 41. h4 a4 42. Rc5 Rb3 43. Ra5 a3 44. g3 Rb2+ 45. Kh3 a2 46. Ra6+ Kh7
47. h5 Rc2 48. g4 Rb2 49. Kh4 Rc2 50. Ra7+ Kh8 51. h6 Rh2+ 52. Kg5 Rb2 53. Kh5
Kg8 54. g5 Rb8 55. Rxa2 Rc8 56. Ra5 Rb8 57. g6 Kh8 58. h7 Kg7 59. Ra7+ Kf6 60.
Rf7+ Ke6 61. Rf1 1-0

[Event "TCh-TUR Super League 2015"]
[Site "Kocaeli TUR"]
[Date "2015.08.08"]
[Round "6.1"]
[Board "6"]
[White "Ozer, Omer Faruk"]
[Black "Yurtseven, Melih"]
[Result "0-1"]
[BlackTitle "FM"]
[WhiteElo "2067"]
[BlackElo "2299"]
[WhiteTeam "Akdeniz Belediyesi Sports Club"]
[BlackTeam "Kayseri Seker Sports Club"]
[WhiteFideId "6354564"]
[BlackFideId "6312160"]
[EventDate "2015.08.04"]

1. d4 g6 2. Nf3 Bg7 3. Bf4 d6 4. e3 Nf6 5. h3 O-O 6. Be2 Nc6 7. O-O Nd7 8. c4 e5
9. Bh2 f5 10. d5 Ne7 11. Nc3 h6 12. Rc1 g5 13. b4 Ng6 14. c5 Nf6 15. cxd6 cxd6
16. Nb5 Ne8 17. a4 h5 18. Nd2 g4 19. hxg4 hxg4 20. Qc2 Bd7 21. Nc4 Qf6 22. Na5
Rc8 23. Qd2 Rxc1 24. Rxc1 f4 25. exf4 exf4 26. Nxb7 Ne5 27. Bf1 g3 28. fxg3 Ng4
29. gxf4 Nxh2 30. Kxh2 Qh6+ 31. Kg1 Rxf4 32. Qe2 Bxb5 33. Qe6+ Qxe6 34. dxe6
Bd4+ 35. Kh2 Rxf1 36. Rc8 Bxa4 37. Kh3 Rf6 38. Nd8 Bb6 0-1

[Event "TCh-TUR Super League 2015"]
[Site "Kocaeli TUR"]
[Date "2015.08.08"]
[Round "6.1"]
[Board "7"]
[White "Ozen, Deniz"]
[Black "Acar, Utku Cengiz"]
[Result "1/2-1/2"]
[WhiteTitle "FM"]
[WhiteElo "2066"]
[BlackElo "1930"]
[WhiteTeam "Kayseri Seker Sports Club"]
[BlackTeam "Akdeniz Belediyesi Sports Club"]
[WhiteFideId "6349196"]
[BlackFideId "6358900"]
[EventDate "2015.08.04"]

1. e4 c5 2. Nf3 g6 3. c3 Bg7 4. d4 d5 5. exd5 cxd4 6. cxd4 Nf6 7. Bb5+ Bd7 8.
Bc4 O-O 9. O-O b5 10. Bb3 Bf5 11. Ne5 Nxd5 12. Qf3 Be6 13. Nc3 Nb6 14. Bxe6 fxe6
15. Qg4 Rf5 16. Nxb5 Bxe5 17. dxe5 Nc6 18. Rd1 Nd5 19. Nd4 Nxd4 20. Qxd4 Qc7 21.
Bh6 Qb7 22. b3 Kf7 23. Qe4 Rh5 24. Be3 Kg7 25. Rac1 Rf8 26. Qd4 a6 27. Qa7 Qb5
28. Qc5 Qe2 29. Rxd5 exd5 30. Qxe7+ Rf7 31. Qc5 Qg4 32. Qxd5 Rd7 33. Qc4 Rd1+
34. Rxd1 Qxd1+ 35. Qf1 Qxf1+ 36. Kxf1 Rxh2 37. Kg1 Rh4 38. f4 g5 39. g3 Rg4 40.
Kf2 gxf4 41. Bxf4 Kf7 42. Kf3 Rg8 43. Ke4 Ke6 44. Kd4 Rc8 45. b4 Rc2 46. a4 Ra2
47. a5 Rc2 48. Kd3 Rc8 49. Kd4 h5 50. Bg5 Rg8 51. Bh4 Rg4+ 52. Kc5 Kxe5 53. b5
axb5 54. Kxb5 Kd6 55. a6 Kc7 56. Bf6 Kb8 57. Be5+ Ka8 58. Bd6 Rg5+ 59. Kc4 Ka7
60. Kd4 Kxa6 61. Bf4 Rg4 62. Ke3 Kb5 63. Kf3 Kc5 64. Bb8 Kd5 65. Bf4 Ke6 66. Kg2
Kf5 67. Kh3 Ke4 68. Bc7 Kf3 69. Bd6 Rd4 70. Bb8 Rb4 71. Bc7 Rg4 72. Bd6 Ke4 73.
Bc7 Kf5 74. Bd6 Rd4 75. Bc7 Rd1 76. Bf4 Rb1 77. Bh6 Rh1+ 78. Kg2 Rd1 79. Kh3 Rd4
80. Bf4 1/2-1/2

[Event "TCh-TUR Super League 2015"]
[Site "Kocaeli TUR"]
[Date "2015.08.08"]
[Round "6.1"]
[Board "8"]
[White "Temel, Burcu Melis"]
[Black "Aksoy, Ayca"]
[Result "1-0"]
[WhiteTitle "WCM"]
[WhiteElo "1878"]
[BlackElo "1758"]
[WhiteTeam "Akdeniz Belediyesi Sports Club"]
[BlackTeam "Kayseri Seker Sports Club"]
[WhiteFideId "6345492"]
[BlackFideId "6355978"]
[EventDate "2015.08.04"]

1. e4 c5 2. Nf3 e6 3. g3 Nc6 4. Bg2 d6 5. O-O Nf6 6. Qe2 Be7 7. c3 O-O 8. Rd1
Qc7 9. d4 cxd4 10. cxd4 d5 11. e5 Nd7 12. Bf4 a6 13. Nc3 b5 14. Rac1 Qb6 15. a3
Na5 16. h4 Bb7 17. Qd3 Nc4 18. Qb1 Rfc8 19. Ng5 Nf8 20. h5 Bc6 21. g4 a5 22. Nh3
Rab8 23. Na2 b4 24. axb4 Bxb4 25. b3 Na3 26. Qd3 Be7 27. Bd2 Bb5 28. Qf3 Qxd4
29. Bxa5 Qb2 30. Rxc8 Rxc8 31. Nc3 Qxb3 32. Nxd5 Qxd1+ 33. Qxd1 exd5 34. Qxd5
Bc6 35. Qb3 Bxg2 36. Kxg2 Ne6 37. Qb7 Re8 38. Qd7 Kf8 39. f4 Nc4 40. Bc3 Rd8 41.
Qb5 Ne3+ 42. Kg3 Nd5 43. Ba5 Ndc7 44. Qb1 Kg8 45. f5 Ra8 46. fxe6 Nxe6 47. Qb7
Re8 48. Nf2 Nc5 49. Qc6 Kf8 50. Bb4 Ne6 51. Bxe7+ Rxe7 52. Ne4 1-0

[Event "TCh-TUR Super League 2015"]
[Site "Kocaeli TUR"]
[Date "2015.08.08"]
[Round "6.2"]
[Board "2"]
[White "Esen, Baris"]
[Black "Mchedlishvili, Mikheil"]
[Result "1/2-1/2"]
[WhiteTitle "GM"]
[BlackTitle "GM"]
[WhiteElo "2567"]
[BlackElo "2605"]
[WhiteTeam "Deniz Su Aquamatch Satranc Genclik Ve Sports Club"]
[BlackTeam "Tarsus Zeka Satranc Kulubu"]
[WhiteFideId "6302114"]
[BlackFideId "13600966"]
[EventDate "2015.08.04"]

1. d4 Nf6 2. c4 e6 3. Nf3 b6 4. a3 Ba6 5. Qc2 Bb7 6. Nc3 c5 7. e4 cxd4 8. Nxd4
Nc6 9. Nxc6 Bxc6 10. Qe2 Qb8 11. g3 Bd6 12. Bg2 1/2-1/2

[Event "TCh-TUR Super League 2015"]
[Site "Kocaeli TUR"]
[Date "2015.08.08"]
[Round "6.2"]
[Board "3"]
[White "Yurtseven, Ahmet Can"]
[Black "Firat, Burak"]
[Result "0-1"]
[WhiteTitle "FM"]
[BlackTitle "IM"]
[WhiteElo "2291"]
[BlackElo "2470"]
[WhiteTeam "Tarsus Zeka Satranc Kulubu"]
[BlackTeam "Deniz Su Aquamatch Satranc Genclik Ve Sports Club"]
[WhiteFideId "6300081"]
[BlackFideId "6305881"]
[EventDate "2015.08.04"]

1. d4 d5 2. Nf3 Nf6 3. c4 c6 4. Qc2 dxc4 5. e3 b5 6. b3 cxb3 7. axb3 e6 8. Bd2
Nd5 9. Be2 Bb7 10. O-O a5 11. Nc3 Nb4 12. Qe4 Nd7 13. Qg4 h5 14. Qf4 Nf6 15. e4
Be7 16. Rfc1 h4 17. h3 Nh5 18. Qe3 O-O 19. Nxh4 Bxh4 20. Bxh5 e5 21. dxe5 Nd3
22. Rf1 a4 23. bxa4 b4 24. Nd1 c5 25. Be2 Nxe5 26. Nb2 Nc6 27. Rfd1 Nd4 28. Rac1
Bg5 29. Qd3 Bxe4 30. Qc4 Bxd2 31. Rxd2 Qg5 0-1

[Event "TCh-TUR Super League 2015"]
[Site "Kocaeli TUR"]
[Date "2015.08.08"]
[Round "6.2"]
[Board "4"]
[White "Erdogdu, Mert"]
[Black "Sevgi, Volkan"]
[Result "1-0"]
[WhiteTitle "IM"]
[BlackTitle "FM"]
[WhiteElo "2419"]
[BlackElo "2263"]
[WhiteTeam "Deniz Su Aquamatch Satranc Genclik Ve Sports Club"]
[BlackTeam "Tarsus Zeka Satranc Kulubu"]
[WhiteFideId "6301495"]
[BlackFideId "6325335"]
[EventDate "2015.08.04"]

1. e4 d5 2. exd5 Qxd5 3. Nc3 Qd6 4. d4 Nf6 5. Nf3 a6 6. Bd3 Bg4 7. O-O Nbd7 8.
Qe2 c6 9. Rd1 e6 10. Ne4 Nxe4 11. Bxe4 Nf6 12. Bd3 Qd5 13. Be3 Bd6 14. c4 Qh5
15. h3 Bxf3 16. Qxf3 Qxf3 17. gxf3 Nh5 18. Rab1 Nf4 19. Bf1 g5 20. b4 b5 21. d5
exd5 22. Bxf4 Bxf4 23. cxd5 cxd5 24. Rxd5 Ke7 25. a4 bxa4 26. Ra5 Rhb8 27. Rxa4
Bd6 28. Bd3 h6 29. Be4 Ra7 30. b5 Rb6 31. Bd3 a5 32. Rba1 Be5 33. Rxa5 Rd7 34.
R1a3 Rbd6 35. Be2 Bd4 36. Ra6 Bb6 37. Ra2 Rc7 38. Kg2 f5 39. R6a4 Kf6 40. f4
gxf4 41. Rxf4 Ke5 42. Rc4 Rxc4 43. Bxc4 Kf4 44. Be2 Rg6+ 45. Kf1 Rd6 46. Ra4+
Rd4 47. Ra6 Rd6 48. h4 Ke4 49. h5 f4 50. Kg2 Rf6 51. Ra4+ Kf5 52. Ra8 Bd4 53.
Rd8 Ke5 54. Rg8 Ke6 55. Kf3 Kf7 56. Rc8 Rd6 57. Bd3 Ke7 58. Be4 Kd7 59. Rf8 Be5
60. Rf7+ Ke8 61. Rf5 Bf6 62. Rxf4 Bd8 63. Rg4 Bg5 64. Bc6+ Kd8 65. Re4 Kc7 66.
Kg4 Rd1 67. f4 Rg1+ 68. Kf5 Rf1 69. Rd4 Kb6 70. Be8 Kc5 71. Re4 Rf2 72. Kg4 Bd8
73. Re6 Rg2+ 74. Kf3 Rg8 75. Ke4 Rf8 76. Bc6 Bf6 77. Bd7 Bg7 78. Rc6+ Kb4 79.
Rg6 Bb2 80. b6 Bc1 81. f5 Ka5 82. b7 Bb2 83. Bc8 1-0

[Event "TCh-TUR Super League 2015"]
[Site "Kocaeli TUR"]
[Date "2015.08.08"]
[Round "6.2"]
[Board "5"]
[White "Tulay, Seray"]
[Black "Dzagnidze, Nana"]
[Result "0-1"]
[BlackTitle "GM"]
[WhiteElo "1798"]
[BlackElo "2573"]
[WhiteTeam "Tarsus Zeka Satranc Kulubu"]
[BlackTeam "Deniz Su Aquamatch Satranc Genclik Ve Sports Club"]
[WhiteFideId "6307787"]
[BlackFideId "13601903"]
[EventDate "2015.08.04"]

1. d4 Nf6 2. c4 e6 3. Nc3 Bb4 4. Nf3 c5 5. a3 Bxc3+ 6. bxc3 Qa5 7. Bd2 O-O 8.
Qc2 d6 9. e4 e5 10. d5 Nbd7 11. Be2 Re8 12. Nh4 Nf8 13. O-O Qd8 14. Nf3 Ng6 15.
Rfe1 h6 16. Bf1 Rf8 17. Be3 Bd7 18. Reb1 Qc8 19. Nd2 Ng4 20. Qd3 f5 21. f3 Nf6
22. Bf2 fxe4 23. fxe4 Nf4 24. Qc2 Ng4 25. Nf3 Nxf2 26. Qxf2 Bg4 27. Qe3 Nh3+ 28.
Kh1 Bxf3 29. gxf3 Ng5 30. Bg2 Rf4 31. Rf1 Qd7 32. Rf2 Raf8 33. Raf1 Qa4 34. Rb2
b6 35. Rbb1 Qxc4 36. Rbd1 Nxe4 37. Qd3 Nxc3 0-1